| 000 -ლიდერი |
| ფიქსირებული სიგრძის საკონტროლო ველი |
01183nam a22002177a 4500 |
| 003 - საკონტროლო ნომრის იდენტიფიკატორი |
| საკონტროლო ველი |
Ge_BSU |
| 005 - ბოლო ოპერაციის თარიღი და დრო |
| საკონტროლო ველი |
20230525153051.0 |
| 008 - ფიქსირებული სიგრძის მონაცემთა ელემენტები - ზოგადი ინფორმაცია |
| ფიქსირებული სიგრძის საკონტროლო ველი |
230525s1990ge xxu||||| |||| 00| 0 geo d |
| 041 ## - ენის კოდი |
| Language code of text/sound track or separate title |
geo |
| 080 ## - უნივერსალური ათობითი კლასიფიკაციის ინდექსი |
| Universal Decimal Classification number |
930(479.22)(092 თაყაიშვილი, ე) |
| 100 ## - მთავარი ჩანაწერი - პიროვნების სახელი |
| Personal name |
ლომთათიძე, გიორგი, ავტორი. |
| 9 (RLIN) |
18220 |
| 245 ## - ცნობა სათაურის შესახებ |
| Title |
ქართული კულტურის მემატიანე : |
| Remainder of title |
ექვთიმე თაყაიშვილი / |
| Statement of responsibility, etc |
გიორგი ლომთათიძე ; შემდგ. ნინო ღოღობერიძე. |
| 264 ## - წარმოების, გამოცემის, დისტრიბუციის და სხვა ცნობები |
| გამოცემის, წარმოების, დისტრიბუციის... ადგილი |
თბილისი : |
| გამოცემის, წარმოების, დისტრიბუციის... სახელწოდება |
საბჭოთა საქართველო, |
| გამოცემის, წარმოების, დისტრიბუციის... თარიღი |
1990. |
| 300 ## - ფიზიკური აღწერა |
| Extent |
216 გვ. : |
| Other physical details |
4ფ. ილ. ; |
| Dimensions |
20 სმ. |
| 440 ## - სერიის ცნობა / დამატებულია ჩანაწერი - სათაური |
| Title |
ქართული კულტურის მატიანე |
| 9 (RLIN) |
18221 |
| 501 ## - შენიშვნა თანმხლებ მასალაზე |
| With note |
სახელთა საძიებელი: გვ. 210-215. |
| 653 ## - INDEX TERM--UNCONTROLLED |
| Uncontrolled term |
ქართველი ისტორიკოსები. |
| 653 ## - INDEX TERM--UNCONTROLLED |
| Uncontrolled term |
ისტორია |
| 700 ## - ADDED ENTRY--PERSONAL NAME |
| Personal name |
ღოღობერიძე, ნინო |
| Relator term |
შემდგენელი |
| 9 (RLIN) |
18222 |
| 942 ## - ADDED ENTRY ELEMENTS (KOHA) |
| Source of classification or shelving scheme |
|
| Koha item type |
წიგნი |